000 00478nam a2200205Ia 4500
003 OSt
005 20220926045217.0
006 a|||||r|||| 00| 0
007 ta
008 220923b |||||||| |||| 00| 0 eng d
037 _cGeneral Book
040 _aRTL
_cRTL
_beng
041 _2eng
_aeng
082 _aX71.2
245 0 _aBudget India, Pt.2
_b1957-58
260 _c1958
300 _a2029 p
_ccm.
942 _hX71.2
_cGB
_2CC
999 _c676975
_d676975